La Liga Player of the season - Statistics

General Stats
  • This quiz has been taken 68 times
  • The average score is 16 of 17
Answer Stats
Hint Answer Team % Correct
2008-09 Lionel Messi Barcelona
100%
2009-10 Lionel Messi Barcelona
100%
2010-11 Lionel Messi Barcelona
100%
2011-12 Lionel Messi Barcelona
100%
2012-13 Lionel Messi Barcelona
100%
2014-15 Lionel Messi Barcelona
100%
2016-17 Lionel Messi Barcelona
100%
2017-18 Lionel Messi Barcelona
100%
2018-19 Lionel Messi Barcelona
100%
2013-14 Cristiano Ronaldo Real Madrid
98%
2015-16 Antoine Griezmann Atletico Madrid
97%
2019-20 Karim Benzema Real Madrid
93%
2021-22 Karim Benzema Real Madrid
93%
2024-25 Raphinha Barcelona
93%
2020-21 Jan Oblak Atletico Madrid
90%
2023-24 Jude Bellingham Real Madrid
88%
2022-23 Marc-André ter Stegen Barcelona
88%
No matching quizzes found
Score Distribution
Percent of People with Each Score
Percentile by Number Answered
Your Score History
You have not taken this quiz